UM Logo

Corporate Social Responsibility of Convenience Stores in Digos City/ (Record no. 14865)

MARC details
000 -LEADER
fixed length control field 00605nam a22001577a 4500
008 - FIXED-LENGTH DATA ELEMENTS--GENERAL INFORMATION
fixed length control field 200123b ||||| |||| 00| 0 eng d
082 ## - DEWEY DECIMAL CLASSIFICATION NUMBER
Edition number 2019
Classification number UT 1420
Item number B46
100 ## - MAIN ENTRY--PERSONAL NAME
Personal name Betonio, Kierstene Joyce
9 (RLIN) 41257
245 ## - TITLE STATEMENT
Title Corporate Social Responsibility of Convenience Stores in Digos City/
Statement of responsibility, etc. Kierstene Joyce Betonio & Geraldine Sevilla
260 ## - PUBLICATION, DISTRIBUTION, ETC. (IMPRINT)
Place of publication, distribution, etc. Digos City
Name of publisher, distributor, etc. UMDC
Date of publication, distribution, etc. November 2019
300 ## - PHYSICAL DESCRIPTION
Extent 52 pages
Dimensions 30cm
650 ## - SUBJECT ADDED ENTRY--TOPICAL TERM
Topical term or geographic name as entry element Business Administration
Form subdivision Marketing Management
General subdivision Undergraduate Thesis
9 (RLIN) 41258
700 ## - ADDED ENTRY--PERSONAL NAME
Personal name Betonio, Kierstene Joyce
9 (RLIN) 41257
700 ## - ADDED ENTRY--PERSONAL NAME
Personal name Sevilla, Geraldine
9 (RLIN) 41259
942 ## - ADDED ENTRY ELEMENTS (KOHA)
Source of classification or shelving scheme Dewey Decimal Classification
Koha item type Undergraduate Thesis
Holdings
Withdrawn status Lost status Source of classification or shelving scheme Damaged status Not for loan Collection code Home library Current library Date acquired Total Checkouts Full call number Barcode Date last seen Price effective from Koha item type
    Dewey Decimal Classification     Undergraduate Theses UM Digos College - LIC UM Digos College - LIC 01/22/2020   UT 1420 B46 2019 UT 1420 01/23/2020 01/23/2020 Undergraduate Thesis